000 01263nam a2200361 a 4500
001 000112172
003 CHAP
005 20220329144249.0
008 151214s2013 cl ad |r| |||0|||spa d
010 _a108633
011 _a109605
020 _a9789561903630
040 _cCHAP
082 0 4 _a634.63450983
_bA64
245 0 0 _aAportes al conocimiento del cultivo del olivo en Chile /
_ccordinado por Thomas Fichet L. y José Luis Henríquez S.
260 _aSantiago, de Chile :
_bUniversidad de Chile, Facultad de Ciencias Agronómicas,
_c2013.
300 _a264 p. :
_bil., gráfs.
490 1 _aSerie Ciencias Agronómicas
_v21
590 _aE11695DGD
_b10
_c20160118
_lUCH01
_h1126
590 _aE11695DGD
_b10
_c20160118
_lUCH01
_h1126
590 _aE11695DGD
_b10
_c20160118
_lUCH01
_h1131
590 _aE5652GLJ
_b05
_c20151214
_lUCH01
_h1253
650 1 4 _aOlivo
_xCultivo y clima
_zChile.
_9130329
650 1 4 _aOlivo
_xFisiología y morfología.
_983134
650 1 4 _aOlivo
_xRendimiento.
_983140
650 1 4 _aOlivo
_xSubproductos.
_983143
700 1 _aFichet L., Thomas
_ecoord.
_9130326
700 1 _aHenríquez S., José Luis
_ecoord.
_9130327
830 0 _aSerie Ciencias Agronómicas
_v21
_9130328
901 _aBK
942 _cLIBRO
942 _n0
999 _c108633
_d108633